000 010730000a22001930004500
020 _a0-8254-1406-7
041 0 _aSPA
082 0 4 _aG 273 L9757d
100 1 _aLutzer, Erwin W.
245 1 0 _aDoctrinas que dividen : Un estudio de las doctrinas que separan a los cristianos / Erwin Lutzer ; John Alfredo Bernal López, Traductor
260 _aGrand Rapids, MI., USA : Portavoz
300 _a268 Pag
505 0 0 _a- ¿Es Cristo verdadero Dios? - ¿Es Cristo verdadero hombre? - ¿Fue María la madre de Dios? - ¿Fue Pedro el primer Papa? - Justificación: ¿por fe, por sacramentos, o ambos? - ¿Por qué no estamos de acuerdo sobre la Cena del Señor? - ¿Por qué no estamos de acuerdo sobre el bautismo? - ¿Cuántos libros hay en la Biblia? - Predestinación o libre albedrío: Agustín contra Pelagio; Lutero contra Erasmo; Calvino contra Arminio; Whitefield contra Wesley - ¿Puede condenarse una persona salva?
001 8445
942 _cBK
999 _c38595
_d38595
336 _atexto
_btxt
_2rdacontent
337 _2rdamedia
_asin mediación
_bn
338 _2rdacarrier
_avolumen
_bnc